Doctors of philosophy; (Запис № 489515)
[ простий вигляд ]
| 000 -LEADER | |
|---|---|
| fixed length control field | 01187cam a22002891 4500 |
| 001 - CONTROL NUMBER | |
| control field | doctorsofphiloso00spar |
| 003 - CONTROL NUMBER IDENTIFIER | |
| control field | CaSfIA |
| 005 - DATE AND TIME OF LATEST TRANSACTION | |
| control field | 20210118002626.0 |
| 007 - PHYSICAL DESCRIPTION FIXED FIELD--GENERAL INFORMATION | |
| fixed length control field | cr|||| |
| 008 - FIXED-LENGTH DATA ELEMENTS--GENERAL INFORMATION | |
| fixed length control field | 720727t19661963nyu 000 0 eng |
| 035 ## - SYSTEM CONTROL NUMBER | |
| -- | (DLC) 66000490 |
| 010 ## - LIBRARY OF CONGRESS CONTROL NUMBER | |
| LC control number | 66000490 |
| 035 ## - SYSTEM CONTROL NUMBER | |
| System control number | (OCoLC)366909 |
| 040 ## - CATALOGING SOURCE | |
| Original cataloging agency | DLC |
| Transcribing agency | ODaWU |
| Modifying agency | OCoLC |
| -- | DLC |
| -- | CaSfIA |
| 042 ## - AUTHENTICATION CODE | |
| Authentication code | premarc |
| 050 00 - LIBRARY OF CONGRESS CALL NUMBER | |
| Classification number | PR6037.P29 |
| Item number | D6 1966 |
| 082 ## - DEWEY DECIMAL CLASSIFICATION NUMBER | |
| Classification number | 822.914 |
| 100 1# - MAIN ENTRY--PERSONAL NAME | |
| Personal name | Spark, Muriel. |
| 245 10 - TITLE STATEMENT | |
| Title | Doctors of philosophy; |
| Medium | [electronic resource] |
| Remainder of title | a play. |
| 260 ## - PUBLICATION, DISTRIBUTION, ETC. (IMPRINT) | |
| Place of publication, distribution, etc | New York, |
| Name of publisher, distributor, etc | Knopf, |
| Date of publication, distribution, etc | 1966 [c1963] |
| 300 ## - PHYSICAL DESCRIPTION | |
| Extent | v, 110 p. |
| Dimensions | 23 cm. |
| 506 ## - RESTRICTIONS ON ACCESS NOTE | |
| Standardized terminology for access restriction | Необхідна авторизація на https://archive.org/ (створення облікового запису безкоштовно) |
| 506 ## - RESTRICTIONS ON ACCESS NOTE | |
| Standardized terminology for access restriction | Необхідна авторизація на https://openlibrary.org/ (створення облікового запису безкоштовно) |
| 856 41 - ELECTRONIC LOCATION AND ACCESS | |
| Uniform Resource Identifier | <a href="http://www.archive.org/details/doctorsofphiloso00spar">http://www.archive.org/details/doctorsofphiloso00spar</a> |
| Public note | Free eBook from the Internet Archive |
| 856 42 - ELECTRONIC LOCATION AND ACCESS | |
| Uniform Resource Identifier | <a href="http://www.openlibrary.org/books/OL5975104M">http://www.openlibrary.org/books/OL5975104M</a> |
| Public note | Additional information and access via Open Library |
| 942 ## - ADDED ENTRY ELEMENTS (KOHA) | |
| Koha item type | ЕКнига |
Немає доступних примірників.